Χρήμα / 85η ΔΕΘ: Η Πρώτη Μεγάλη Έκθεση που θα Διοργανωθεί στην Ευρώπη το 2021 (Record no. 9157)
[ view plain ]
| 000 -LEADER | |
|---|---|
| fixed length control field | 01450cam a22001814a 4500 |
| 005 - ΗΜΕΡΟΜΗΝΙΑ ΚΑΙ ΩΡΑ ΤΕΛΕΥΤΑΙΑΣ ΕΝΗΜΕΡΩΣΗΣ | |
| Πεδίο ελέγχου | 20250605164355.0 |
| 008 - FIXED-LENGTH DATA ELEMENTS--GENERAL INFORMATION | |
| Πεδίο ελέγχου σταθερού μήκους | 250528s ||||||||||||||||||||||||d |
| 035 ## - SYSTEM CONTROL NUMBER | |
| System control number | 24267 |
| 040 ## - ΠΗΓΗ ΚΑΤΑΛΟΓΟΓΡΑΦΗΣΗΣ | |
| Φορέας πρωτότυπης καταλογογράφησης | MC Athens Campus Library |
| Γλώσσα καταλογογράφησης | Ελληνικά, Μοντέρνα (1453-) |
| Modifying agency | MC Athens Campus Library |
| Κανόνες περιγραφικής καταλογογράφησης | AACR2 |
| 245 1# - ΤΙΤΛΟΣ ΚΑΙ ΔΗΛΩΣΗ ΥΠΕΥΘΥΝΟΤΗΤΑΣ | |
| Τίτλος | Χρήμα / 85η ΔΕΘ: Η Πρώτη Μεγάλη Έκθεση που θα Διοργανωθεί στην Ευρώπη το 2021 |
| 260 ## - PUBLICATION, DISTRIBUTION, ETC. | |
| Name of publisher, distributor, etc. | Ethos Media, |
| Date of publication, distribution, etc. | 2021 |
| 300 ## - PHYSICAL DESCRIPTION | |
| Extent | 80 |
| 520 ## - SUMMARY, ETC. | |
| Summary, etc. | Πληρογορική: Τεχνολογίες Storage-Cloud, IBM Business Transformation Event: Ο Μετασχηματισμός είναι Επιχειρηματικός και Αξιοποιεί τα Ψηφιακά Εργαλεία, Διεθνής Έκθεση Θεσσαλονίκης: Η Πρώτη Μεγάλη Έκθεση που θα Διοργανωθεί στην Ευρώπη το 2021, Επαγγελματική Ασφάλιση: Η Χρυσή Τομή στο Νέο 'Κοινωνικό Συμβόλαιο', Βαγγέλης Τσάπας: Ο Οδικός Χάρης για την Αγορά των Κρυπτονομισμάτων, Εν Αρχή: Η Αποτελεσματικότερη Επίθεση Ξεκινά από μια Γρανιτένια Άμυνα, Δια Ταύτα: 'Άνοιξε Παράθυρο' για Διατήρηση της Ευέλικτης Πολιτικής. |
| 700 1# - ΠΡΟΣΘΕΤΗ ΑΝΑΓΡΑΦΗ--ΦΥΣΙΚΟ ΠΡΟΣΩΠΟ | |
| Personal name | Ουζούνη Κωνσταντίνος |
| 9 (RLIN) | 9441 |
| 942 ## - ADDED ENTRY ELEMENTS (KOHA) | |
| Koha item type | Περιοδικά Δημοσιεύματα |
| Τύπος τεκμηρίου | Βιβλιοθήκη | Τρέχουσα τοποθεσία | Barcode | Ημερομηνία απόκτησης | Ταξιθετικό σύμβολο | Αριθμός αντιτύπου | Αρίθμηση σειρών / χρονολογία | Κατάσταση απόσυρσης | Κατάσταση χαμένου | Κατάσταση κατεστραμμένου | Μη δανεισμός | Σύνολο δανεισμών | Ημερομηνία τελευταίας εμφάνισης | Η τιμή ισχύει από |
|---|---|---|---|---|---|---|---|---|---|---|---|---|---|---|
| Περιοδικά Δημοσιεύματα | MC Athens Campus Library | MC Athens Campus Library | 9780000091567 | 05/06/2025 | ΧΡΗΜΑ | 1 | 453 | 05/06/2025 | 05/06/2025 |